000
00347nam a2200169Ia 4500
100
_a
Sulton/Jan
650
_a
Philosophy
942
_c
BK
366
_f
25
654
_a
stress
245
_a
Thrive on Stress
260
_b
Better Yourself Books
_a
Bandra
_c
2000
082
_a
170/SUL
_b
SUL
300
_a
198
546
_a
ENGLISH
999
_c
32706
_d
32706